Bowl History - Peach Bowl - Statistics

General Stats
  • This quiz has been taken 105 times
    61 since last reset
  • The average score is 39 of 51
Answer Stats
Year Winner % Correct
2006 Georgia
94%
1998 Georgia
94%
1973 Georgia
94%
2011 Auburn
91%
2007 Auburn
91%
Jan. 2, 1998 Auburn
91%
1990 Auburn
91%
2018 Florida
91%
2010 Florida State
91%
1983 Florida State
91%
1971 Mississippi
88%
Jan. 1, 1995 NC State
88%
1977 NC State
88%
1972 NC State
88%
2016 Alabama
85%
2012 Clemson
85%
Jan. 2, 2004 Clemson
85%
1993 Clemson
85%
2008 LSU
85%
2005 LSU
85%
2000 LSU
85%
1996 LSU
85%
1968 LSU
85%
2001 North Carolina
85%
Jan. 2, 1993 North Carolina
85%
1995 Virginia
85%
1984 Virginia
85%
2004 Miami (FL)
82%
Jan. 2, 1981 Miami (FL)
82%
1999 Mississippi State
82%
2013 Texas A&M
79%
2009 Virginia Tech
79%
1986 Virginia Tech
79%
1970 Arizona State
76%
2014 TCU
76%
1981 West Virginia
76%
1975 West Virginia
76%
1969 West Virginia
76%
1982 Iowa
73%
Jan. 2, 1988 Tennessee
73%
1976 Kentucky
67%
1988 NC State
67%
1979 Baylor
64%
2002 Maryland
64%
1985 Army
58%
1989 Syracuse
55%
2015 Houston
52%
1978 Purdue
52%
Jan. 1, 2018 Central Florida
48%
Jan. 1, 1992 East Carolina
42%
1974 Texas Tech or Vanderbilt (tie)
0%
No matching quizzes found
Score Distribution
Percent of People with Each Score
Percentile by Number Answered
Your Score History
You have not taken this quiz since the last reset